Verbum Vitae (Record no. 145796)

MARC details
000 -LEADER
campo de control de longitud fija 00681nam a2200181 i 4500
001 - NÚMERO DE CONTROL
campo de control 145796
003 - IDENTIFICADOR DE NÚMERO DE CONTROL
campo de control ES-MaACL
005 - FECHA Y HORA DE LA ÚLTIMA TRANSACCIÓN
campo de control 20230906201322.0
007 - CAMPO FIJO DE DESCRIPCIÓN FÍSICA--INFORMACIÓN GENERAL
campo de control de longitud fija t|
008 - DATOS DE LONGITUD FIJA--INFORMACIÓN GENERAL
campo de control de longitud fija 071017s1960 sp ||||1| spa d
245 00 - MENCIÓN DEL TÍTULO
Título Verbum Vitae
Resto del título : la palabra de Cristo : repertorio de texto para el estudio de las homilías dominicales y festivas /
Mención de responsabilidad, etc. elaborado por una comisión de autores bajo la dirección de Ángel Herrera Oria.
260 ## - PUBLICACIÓN, DISTRIBUCIÓN, ETC.
Lugar de publicación, distribución, etc. Madrid :
Nombre del editor, distribuidor, etc. Biblioteca de Autores Cristianos,
Fecha de publicación, distribución, etc. 1960.
300 ## - DESCRIPCIÓN FÍSICA
Extensión XXVIII, 746 p. ;
Dimensiones 20 cm.
505 8# - NOTA DE CONTENIDO CON FORMATO
Nota de contenido con formato Tomo I
700 1# - ENTRADA AGREGADA--NOMBRE PERSONAL
Nombre de persona Herrera Oria, Ángel,
Fechas asociadas al nombre 1886-1968
9 (RLIN) 63232
852 ## - LOCALIZACIÓN
Ubicación ES-MaACL
Número de control de estantería E-4185
Sublocalización o colección R.53023
Holdings
Estatus retirado Estado de pérdida Estado de daño No para préstamo Biblioteca de origen Biblioteca actual Ubicación en estantería Fecha de adquisición Fuente de adquisición Total de préstamos Signatura topográfica completa Código de barras Visto por última vez Precio de reemplazo Tipo de ítem Koha
        Biblioteca del Ateneo de Madrid Biblioteca del Ateneo de Madrid Depósito 2 17/01/2008     E-4185 1152187 23/02/2023 23/02/2023 Libro impreso